000 02535nam a22005177a 4500
001 18244040
003 OSt
005 20241030094108.0
008 140728t20142014nyua f bf 000 0 eng c
010 _a 2014947003
020 _a9780991040308 paperback
020 _a0991040309 paperback
035 _a(OCoLC)ocn900612153
040 _aIUL
_beng
_cIUL
_erda
_dBTCTA
_dYDXCP
_dDLC
041 _aeng
042 _apcc
043 _an-us---
050 0 0 _aBF723.S62
_bE46 2014
080 _a37
_bE-46
082 0 0 _a155.4/1920287
_223
100 1 _aEllis, James T.,
_eauthor.
245 1 0 _aSocially savvy: an assessment and curriculum guide for young children /
_c/ by: Different Roads to Learning, Inc
260 _aNew York, NY
_bDifferent Roads to Learning, Inc., DRI Books, Inc.,
_c[2014]
264 4 _c©2014.
300 _avii, 266 pages
_bill.
_c28 cm
336 _atext
_btxt
_2rdacontent
337 _aunmediated
_bn
_2rdamedia
338 _avolume
_bnc
_2rdacarrier
365 _b59.83 usd
500 _aThe purpose of this manual is to provide an assessment and tracking tool, based on the principles of Applied Behavior Analysis (ABA), for the social skills of young children, as well as a guide for interventions. It focuses on the social skills that are important for a child preparing to transition into kindergarten.
504 _aIncludes bibliographical references (pages 265-266).
505 0 _aThe socially savvy checklist -- Description of skills -- Sample IEP Objectives -- Teaching Strategies -- Activities for teaching social skills -- Data collection -- Case studies -- Appendix 1. Lesson plans -- Appendix 2. Visual supports -- Appendix 3. Social stories.
650 0 _aSocial skills in children
_xStudy and teaching (Preschool)
_vHandbooks, manuals, etc.
650 0 _aEducation
_9318
650 0 _aChildren with social disabilities
_xEducation (Preschool)
_vHandbooks, manuals, etc.
650 0 _aSocial interaction in children
_xStudy and teaching (Preschool)
_vHandbooks, manuals, etc.
650 0 _aSocial skills in children
_zUnited States
_vHandbooks, manuals, etc.
650 0 _aBehavioral assessment of children
_xStudy and teaching (Preschool)
_vHandbooks, manuals, etc.
653 _aგანათლება
653 _aსოციალური უნარები
700 1 _aAlmeida, Christine,
_eauthor.
700 1 _aFerrari, Nancy,
_eeditor.
906 _a7
_bcbc
_cpccadap
_d2
_encip
_f20
_gy-gencatlg
942 _2udc
_cBK
999 _c2249
_d2249